Statistiques concernant Élimination par catégorie - Cantons suisses #1

Cliquez ici pour prendre le quiz!

Statistiques générales

  • Ce quiz a été pris 357 fois
  • Le résultat moyen est 17 sur 20

Statistiques - réponses

Groupe#Catégorie% Correct
Vert20Canton suisse-allemand
98%
Orange21Canton qui s'écrit en un seul mot
96%
Vert14... qui n'est pas un demi-canton
96%
Vert8... sans bleu sur son drapeau
95%
Bleu15Canton de plus de 800km carrés
94%
Violet18Canton dont le drapeau ne comporte pas d'animal
93%
Bleu8... dont le chef-lieu n'est pas éponyme
92%
Orange15... dont aucune ville n'a plus de 50'000 habitants
92%
Orange8... qui partage une frontière avec un pays voisin
90%
Bleu4... où l'on ne parle pas allemand
90%
Violet11... qui a rejoint la Suisse avant 1800
90%
Violet7... dont le nom ne comporte pas de "B"
87%
Bleu2... dont le nom ne contient pas de "U"
85%
Violet4... avec un taux de chômage inférieure à 1.5%
84%
Vert6... qui a rejoint la suisse après le XIIe siècle
83%
Bleu1... et qui ne partage pas de frontière avec la FranceTessin
73%
Orange3... qui est un canton protestant
69%
Orange1... et où on parle françaisNeuchâtel
66%
Vert1... et dont le drapeau ne comporte pas de motifSoleure
48%
Violet1... et qui n'est pas un des WaldstättenGlaris
40%

Distribution des résultats

Percentile par nombre de réponses

% des personnes avec chaque résultat

Votre développement - résultats

Vous n’avez pas pris ce quiz